| 000 | 01536nam a2200361 i 4500 | ||
|---|---|---|---|
| 001 | 180906 | ||
| 003 | ES-MaACL | ||
| 005 | 20250902065742.0 | ||
| 008 | 120821s2010 sp abd |||| | spa d | ||
| 020 | _a978-84-08-09300-8 | ||
| 080 | _a811.134.2:004.738.5 | ||
| 080 | _a811:33 | ||
| 080 | _a654.165:658.152 | ||
| 100 | 1 |
_aQuirós Romero, Cipriano. _9151339 |
|
| 245 | 1 | 0 |
_aLengua y tecnologías de la información y las comunicaciones _b: presencia del español en Internet, y papel de las grandes lenguas internacionales en la expansión de las operadoras de telecomunicaciones / _cCipriano Quirós Romero. |
| 246 | 3 | 8 | _aLengua y TIC |
| 250 | _a1ª ed. | ||
| 260 |
_aBarcelona : _bAriel ; _aMadrid : _bFundación Telefónica, _c2010. |
||
| 300 |
_a136 p. : _bgráf., mapas ; _c22 cm. |
||
| 490 | 1 |
_aValor económico del español : una empresa multinacional ; _v7 |
|
| 490 | 1 |
_aFundación Telefónica. Libro ; _v5 |
|
| 504 | _aBibliografía: p. [133]-136. | ||
| 650 | 7 |
_aLengua española- _xDifusión. _9141111 |
|
| 650 | 7 |
_aLenguas- _xAspectos económicos. _9151337 |
|
| 650 | 7 |
_aEmpresas telefónicas _2embne _9151338 |
|
| 710 | 2 |
_aFundación Telefónica. _94420 |
|
| 830 | 0 | 0 |
_aValor económico del español: una empresa multinacional _v7 _9191694 |
| 830 | 0 |
_aFundación Telefónica. Libro ; _v5 _9191695 |
|
| 852 |
_aES-MaACL _jA-12188 _9187785 _bR.147093 _cDEPO1 _dOlim: N-5193 _xDonacion:R.A.E |
||
| 914 |
_96336 _aReal Academia Española _ednr |
||
| 942 |
_2udc _cMONOGRAFIA |
||
| 999 |
_c180906 _d180906 |
||